000 00639nam a2200241 a 4500
001 000000654
003 DO-SdBNP
005 20221125082645.0
007 ta
008 090331s2019 dr 000 0 spa d
040 _aDO-SdBNP
_bspa
_cBNPHU
082 _axxx
_bR621t
_222
100 1 _aRivera Santana, Robert Antonio
_92189
245 1 3 _aTentaciones :
_bpoemario
260 _aSanto Domingo :
_bImpresos del Caribe,
_c2019.
300 _a77 p. ;
_c22 cm.
590 _aInventariado, 2022 / DG
650 4 _aPoesía dominicana
_9270
650 4 _aLiteratura dominicana
_92190
650 _92191
910 _aDG
942 _2ddc
_cLBS1
999 _c52998
_d52998